000 nam a22 7a 4500
999 _c9849
_d9849
008 180208b ||||| |||| 00| 0 eng d
100 _aJain, G
_95932
245 _aFirst persons in india
260 _aNew Delhi
_bMaanu Publication
_c2012